Estadísticas para Banderas de países y territorios dependientes

Haz click aquí para intentar la prueba.

Estadísticas generales

  • Esta prueba ha sido intentada 322 veces
  • La puntuación promedio es 188 de 242

Estadísticas de respuestas

Respuesta% Correcto
España
95%
Estados Unidos
95%
Francia
95%
Alemania
94%
Japón
94%
Reino Unido
94%
Argentina
93%
Brasil
93%
Italia
93%
Bélgica
92%
China
92%
Finlandia
92%
Irak
92%
Irlanda
92%
Arabia Saudí
91%
Chile
91%
Angola
90%
Armenia
90%
Bangladés
90%
Barbados
90%
Canadá
90%
Costa de Marfil
90%
Cuba
90%
Emiratos Árabes Unidos
90%
Honduras
90%
Bielorrusia
89%
Bolivia
89%
Dominica
89%
Ghana
89%
Azerbaiyán
88%
Baréin
88%
Benín
88%
Belice
87%
Burundi
87%
Burkina Faso
86%
Egipto
86%
Gambia
86%
Guinea
86%
Ecuador
85%
Israel
85%
Australia
84%
Botsuana
84%
Chipre
84%
Colombia
84%
Costa Rica
84%
El Salvador
84%
Fiyi
84%
Grecia
84%
Guatemala
84%
Irán
84%
Países Bajos
84%
República Democrática del Congo
84%
República Dominicana
84%
Rumanía
84%
Albania
83%
Andorra
83%
Argelia
83%
Austria
83%
Bulgaria
83%
Cabo Verde
83%
Camboya
83%
Corea del Norte
83%
Corea del Sur
83%
Croacia
83%
Dinamarca
83%
Eslovaquia
83%
Eslovenia
83%
Etiopía
83%
Filipinas
83%
Georgia
83%
Granada
83%
Guinea-Bissau
83%
Guyana
83%
Haití
83%
India
83%
Kazajistán
83%
Kenia
83%
Nepal
83%
Nicaragua
83%
Níger
83%
Papúa Nueva Guinea
83%
República del Congo
83%
Senegal
83%
Suiza
83%
Zimbabue
83%
Bahamas
82%
Brunéi
82%
Bután
82%
Chad
82%
Eritrea
82%
Estonia
82%
Hungría
82%
Jamaica
82%
Kuwait
82%
Líbano
82%
México
82%
Portugal
82%
Zambia
82%
Camerún
81%
Guinea Ecuatorial
81%
Indonesia
81%
Islandia
81%
Jordania
81%
Liberia
81%
Mauricio
81%
Montenegro
81%
Mozambique
81%
Nueva Zelanda
81%
Pakistán
81%
Palaos
81%
Paraguay
81%
Polonia
81%
República Checa
81%
San Marino
81%
Santa Lucía
81%
Serbia
81%
Singapur
81%
Suecia
81%
Turquía
81%
Uganda
81%
Uruguay
81%
Venezuela
81%
Antigua y Barbuda
80%
Ciudad del Vaticano
80%
Islas Marshall
80%
Islas Salomón
80%
Kirguistán
80%
Kiribati
80%
Laos
80%
Letonia
80%
Luxemburgo
80%
Macedonia
80%
Maldivas
80%
Malí
80%
Micronesia
80%
Mónaco
80%
Mongolia
80%
Nigeria
80%
Omán
80%
Perú
80%
República Centroafricana
80%
San Cristóbal y Nieves
80%
San Vicente y las Granadinas
80%
Siria
80%
Sudán
80%
Togo
80%
Túnez
80%
Vietnam
80%
Afganistán
79%
Gabón
79%
Lituania
79%
Malasia
79%
Moldavia
79%
Noruega
79%
Panamá
79%
Samoa
79%
Sierra Leona
79%
Somalia
79%
Sri Lanka
79%
Tonga
79%
Trinidad y Tobago
79%
Comoras
78%
Kosovo
78%
Lesoto
78%
Libia
78%
Liechtenstein
78%
Madagascar
78%
Malta
78%
Marruecos
78%
Myanmar
78%
Namibia
78%
Nauru
78%
Ruanda
78%
Rusia
78%
Seychelles
78%
Tailandia
78%
Uzbekistán
78%
Groenlandia
77%
Guam
77%
Malaui
77%
Mauritania
77%
Palestina
77%
Puerto Rico
77%
Qatar
77%
Santo Tomé y Príncipe
77%
Suazilandia
77%
Sudáfrica
77%
Sudán del Sur
77%
Surinam
77%
Turkmenistán
77%
Ucrania
77%
Yibuti
77%
Hong Kong
76%
Taiwán
76%
Yemen
76%
Tanzania
75%
Tayikistán
75%
Vanuatu
75%
Isla de Man
74%
Islas Feroe
74%
Timor Oriental
74%
Mayotte
73%
Tuvalu
73%
Gibraltar
72%
Jersey
70%
Samoa Americana
69%
Isla de Navidad
66%
Islas Cook
66%
Macao
64%
Niue
64%
Aruba
63%
Guernsey
63%
Nueva Caledonia
62%
Islas Vírgenes Británicas
61%
Bermudas
60%
Polinesia Francesa
60%
Anguila
59%
Islas Malvinas
58%
Tokelau
58%
Islas Cocos
57%
Martínica
57%
Aland
54%
Curazao
54%
Guadalupe
54%
Islas Turcas y Caicos
54%
Sáhara Occidental
54%
San Pedro y Miquelón
54%
Montserrat
53%
Guayana Francesa
52%
Islas Caimán
51%
San Martín
51%
Isla Norfolk
50%
Islas Marianas del Norte
49%
Reunión
49%
Islas Pitcairn
48%
Bosnia Herzegovina
47%
Santa Elena
42%
Wallis y Futuna
41%
Islas Vírgenes Americanas
37%
San Bartolomé
33%
Islas Georgias del Sur y Sandwich del Sur
22%
Territorio Británico Índico
11%

Distribución de puntuación

Porcentaje por número respondido

Porcentaje de gente con cada puntuación

Historial de tus puntuaciones

No has intentado esta prueba.